Programación del desarrollo económico / (Record no. 122862)

MARC details
000 -LEADER
campo de control de longitud fija 00844nam a2200265 4500
001 - NÚMERO DE CONTROL
campo de control 122862
003 - IDENTIFICADOR DE NÚMERO DE CONTROL
campo de control ES-MaACL
005 - FECHA Y HORA DE LA ÚLTIMA TRANSACCIÓN
campo de control 20230906192044.0
007 - CAMPO FIJO DE DESCRIPCIÓN FÍSICA--INFORMACIÓN GENERAL
campo de control de longitud fija t|
008 - DATOS DE LONGITUD FIJA--INFORMACIÓN GENERAL
campo de control de longitud fija 070214s1965 mx r ||||0| spa d
080 ## - NÚMERO DE LA CLASIFICACIÓN DECIMAL UNIVERSAL
Número de la Clasificación Decimal Universal 330.34/35
245 00 - MENCIÓN DEL TÍTULO
Título Programación del desarrollo económico /
Mención de responsabilidad, etc. Jean Bénard ... [et al.] ; [traducción de Roberto Reyes y Josep Soler Vidal].
250 ## - MENCION DE EDICION
Mención de edición 1ª ed.
260 ## - PUBLICACIÓN, DISTRIBUCIÓN, ETC.
Lugar de publicación, distribución, etc. México :
Nombre del editor, distribuidor, etc. Fondo de Cultura Económica,
Fecha de publicación, distribución, etc. 1965.
300 ## - DESCRIPCIÓN FÍSICA
Extensión 191 p ;
Dimensiones 21 cm.
490 1# - MENCIÓN DE SERIE
Mención de serie Sección de obras de economía
650 #4 - PUNTO DE ACCESO ADICIONAL DE MATERIA--TÉRMINO DE MATERIA
Término de materia o nombre geográfico como elemento de entrada Desarrollo económico.
9 (RLIN) 153584
700 1# - ENTRADA AGREGADA--NOMBRE PERSONAL
Nombre de persona Bénard, Jean.
9 (RLIN) 27427
700 1# - ENTRADA AGREGADA--NOMBRE PERSONAL
Nombre de persona Reyes, Roberto.
9 (RLIN) 96573
700 1# - ENTRADA AGREGADA--NOMBRE PERSONAL
Nombre de persona Soler Vidal, Josep.
9 (RLIN) 107196
830 1# - PUNTO DE ACCESO ADICIONAL DE SERIE-TÍTULO UNIFORME
Título uniforme Sección de obras de economía
9 (RLIN) 179924
852 4# - LOCALIZACIÓN
Ubicación ES-MaACL
Número de control de estantería E-7070
852 4# - LOCALIZACIÓN
Ubicación ES-MaACL
Número de control de estantería E-8353
Holdings
Estatus retirado Estado de pérdida Estado de daño No para préstamo Biblioteca de origen Biblioteca actual Ubicación en estantería Fecha de adquisición Fuente de adquisición Total de préstamos Signatura topográfica completa Código de barras Visto por última vez Precio de reemplazo Tipo de ítem Koha
        Biblioteca del Ateneo de Madrid Biblioteca del Ateneo de Madrid Depósito 2 17/01/2008     E-8353 1128022 23/02/2023 23/02/2023 Libro impreso
        Biblioteca del Ateneo de Madrid Biblioteca del Ateneo de Madrid Depósito 2 17/01/2008     E-7070 1128021 23/02/2023 23/02/2023 Libro impreso